000 00673nam a22001937a 4500
999 _c188099
_d188099
005 20220510121014.0
010 _aENG-132579
020 _a9788178245362
_c795.00
035 _aEN-116111
037 _bDBAD/PUB
082 _a891.4
_b1
245 _aNoval Formations:
_bThe Indian Beginnings of European Genre/
_cedited by Baidik Bhattacharya
260 _aRanikhet
_bPermanent Black
_c2019
270 _aHimalayana, Mall Road ,Ranikhet Cantt, Ranikhet -263645
_bRanikhet
_e263645
_mperblack@gmail.com
300 _a260p
_c23cm(hbk)
_bNote on Contributors
700 _aBaidik Bhattacharya
700 _aSambudha Sen
942 _2ddc
_cEN
_h891.4
_mNOV